Szellem és hatalom
Elmentve itt :
| Szerző: | |
|---|---|
| Adatforrás: | Philobibl |
| Forrásdokumentuma: | Mozgó Világ 2011:2. p. 9-12. |
| Dokumentumtípus: | Cikk |
| Nyelv: | magyar |
| Kulcsszavak: | Filozófiai Kutatóintézet |
| LEADER | 00343nab a2200121 c 4500 | ||
|---|---|---|---|
| 001 | bibPHI0043675 | ||
| 005 | 20200924125146.5 | ||
| 008 | 100708s2011 hu hun | ||
| 035 | |a human/philobibl/43669 | ||
| 100 | 1 | |a Kende Péter | |
| 245 | 1 | 0 | |a Szellem és hatalom |c Kende Péter |
| 695 | |a Filozófiai Kutatóintézet | ||
| 773 | 0 | |t Mozgó Világ |g 2011:2. p. 9-12. | |